| 000 | 00915nas a2200277 4500 | ||
|---|---|---|---|
| 001 | BR2022000388 | ||
| 003 | BR-BrBNA | ||
| 005 | 20231205132240.0 | ||
| 007 | ta | ||
| 008 | 230509b bl.|||p| |||| 00| 00por d | ||
| 040 |
_aBR-BrBNA _bpor _cBiblioteca Nacional de Agricultura |
||
| 041 | _a(En) | ||
| 072 | _aF01; K10; F08 | ||
| 100 | 1 | _aMuller, M.D. | |
| 100 | 1 | _aMorenz, M.J.F. | |
| 100 | 1 | _aCalsavara, L.H.F. | |
| 100 | 1 | _aMartins, C.E. | |
| 245 | 1 | _aPruning height in Eucalyptus clones established in an agrosilvopastoral system | |
| 650 | _aAGROSSILVICULTURA | ||
| 650 | _aDIÂMETRO | ||
| 650 | _aALTURA | ||
| 773 | 0 |
_tNativa. Pesquisas Agrárias e Ambientais (Brazil) _xISSN 2318-7670 _g(2021), v. 9(4) p. 386-392 _wBR2022000388 |
|
| 856 | 4 | 0 | _uhttps://periodicoscientificos.ufmt.br/ojs/index.php/nativa/article/view/12352/9729 |
| 909 |
_a202311 _bLúcia _c55 _dLúcia Elande |
||
| 942 |
_2AGRIS _n0 _cANA |
||
| 999 |
_c259293 _d259293 |
||